Diarios.

Na minha lista:
Detalhes bibliográficos
Autor principal: Toro Donoso, Julia (autora)
Outros Autores: Jeftanovic, Andrea, 1970- (prólogo)
Formato: Desconhecido
Idioma:inglês
Publicado em: Santiago, Chile: Lumen, 2022.
Edição:Primera edición.
Colecção:Memorias.
Assuntos:
Tags: Adicionar Tag
Sem tags, seja o primeiro a adicionar uma tag!

MARC

LEADER 00000 a2200000 4500
003 CL-VaPUC
005 20240514081152.0
008 240513t2022 ||||| |||| 00| 0 eng d
999 |c 443545  |d 443543 
020 |a 978-956-6058-34-2 
040 |c Pontificia Universidad Católica de Valparaíso 
082 |2 22  |a 779.9983 TOR 2022 
100 |a Toro Donoso, Julia   |9 888442  |e autora  
245 |a Diarios.  
250 |a Primera edición.  
260 |a Santiago, Chile:   |b Lumen,  |c 2022. 
300 |a 334 páginas.  
490 |a Memorias. 
583 |k GC  |c 20240513 
600 0 |9 888442  |a Toro Donoso, Julia   |v Diarios íntimos   |x Fotógrafa y artista visual  
650 0 |9 862289  |a Fotografía chilena   |y Siglo 21   |v Diarios de vidas 
700 |9 714465  |a Jeftanovic, Andrea,   |d 1970-  |e prólogo  
942 |n 1  |2 ddc  |c BK 
952 |0 0  |1 0  |2 ddc  |4 0  |6 779_998300000000000_TOR_2022  |7 0  |8 R  |9 594606  |a BIBART  |b BIBART  |d 2024-05-13  |e 45  |g 18000.00  |i 5661385  |o 779.9983 TOR 2022  |p 5661385  |r 2025-03-13  |t 1  |v 18000.00  |w 2024-05-13  |y BK_R  |k ART